Islamisches Recht

Saved in:  
Bibliographic Details
Main Author: Khoury, Adel-Theodor (Author)
Format: Print Article
Language:Undetermined language
Check availability: HBZ Gateway
Interlibrary Loan:Interlibrary Loan for the Fachinformationsdienste (Specialized Information Services in Germany)
Published: 1981
In: Islam, Herausforderung an West und Ost
Year: 1981, Pages: 26-44
Further subjects:B Law
B Islam

MARC

LEADER 00000caa a22000002c 4500
001 597337950
003 DE-627
005 20221017170058.0
007 tu
008 090404s1981 xx ||||| 00| ||und c
020 |a 3887330048 
035 |a (DE-627)597337950 
035 |a (DE-576)9597337959 
035 |a (DE-599)GBV597337950 
040 |a DE-627  |b ger  |c DE-627  |e rda 
084 |a 0  |2 ssgn 
100 1 |a Khoury, Adel-Theodor  |4 aut 
245 1 0 |a Islamisches Recht  |c Adel-Theodor Khoury 
264 1 |c 1981 
336 |a Text  |b txt  |2 rdacontent 
337 |a ohne Hilfsmittel zu benutzen  |b n  |2 rdamedia 
338 |a Band  |b nc  |2 rdacarrier 
601 |a Islamisches Recht 
650 4 |a Recht 
650 4 |a Islam 
650 4 |a Law 
773 0 8 |i In  |t Islam, Herausforderung an West und Ost  |d Altenberge : Verl. für Christl.-Islam. Schrifttum, 1981  |g (1981), S. 26-44  |h 200 S.  |w (DE-627)024770094  |z 3887330048  |7 nnam 
773 1 8 |g year:1981  |g pages:26-44 
935 |a mteo 
951 |a AR 
ELC |b 1 
LOK |0 000 xxxxxcx a22 zn 4500 
LOK |0 001 4701609528 
LOK |0 003 DE-627 
LOK |0 004 597337950 
LOK |0 005 20250411032916 
LOK |0 008 250411||||||||||||||||ger||||||| 
LOK |0 035   |a (DE-Tue135)1095905309_1981_26 
LOK |0 040   |a DE-Tue135  |c DE-627  |d DE-Tue135 
LOK |0 092   |o n 
LOK |0 852   |a DE-Tue135 
LOK |0 852 1  |9 00 
LOK |0 935   |a imwa  |a ixau  |a rwrk 
LOK |0 939   |a 11-04-25  |b l01 
ORI |a SA-MARC-ixtheoa001.raw 
REL |a 1 
STA 0 0 |a Islam,Islam,Law,Law,Right,Law,Jurisprudence,Law in literature 
STB 0 0 |a Droit,Droit,Islam,Islam 
STC 0 0 |a Derecho,Derecho,Islam,Islam 
STD 0 0 |a Diritto,Diritto,Islam,Islam 
STE 0 0 |a 伊斯兰教,伊斯兰教,回教,回教,法律,法律,法制,法制 
STF 0 0 |a 伊斯蘭教,伊斯蘭教,回教,回教,法律,法律,法制,法制 
STG 0 0 |a Direito,Direito,Islã,Islã 
STH 0 0 |a Ислам (мотив),Ислам,Право (мотив),Право 
STI 0 0 |a Δίκαιο (μοτίβο),Δίκαιο,Ισλάμ (μοτίβο),Ισλάμ 
SUB |a REL 
SYE 0 0 |a Islam